000 00658nam a22002297a 4500
001 001135
003 DO-SdBNP
005 20171213075700.0
007 001135
008 160812b 1990 mx||||| |||| 00| 0 spa d
020 _a9789700500911
040 _aBPMSU
_bspa
_cBPMSU
092 _axxxxxx
_bxxxxxx
100 1 _aGaldwell, Taylos
245 1 4 _aLa abuela y los sacerdotes /
_cTaylor Galdwell ; traducción Amparo García Burgos
260 _aMadrid :
_bGrijalbo,
_c1990.
300 _a475 p. :
_c19 cm.
700 1 _aGarcía Burgos, Amparo,
_etr.
942 _2ddc
_cBK
945 _ainventariado extranjero / DG
956 _aBTAVÁREZ
_b10
_c20161208
_d001135
999 _c11156
_d11156